00870nam a22001937a 450000500170000000800430001705000210006010000190008124000630010024502430016325000110040626000550041730000280047265000400050065000390054070000310057970000290061070000370063920240206095842.0240206b sp |||||||| |||| 00| 0 spa d04aTH1491bD35 19621 aDalzell, J. R.10aConcrete block construction for home and farm.lEspañol.00aConstrucción con bloques de hormigónb: procedimientos modernos para su uso, con indicación de todas las fases de la edificaciónc/ J. R. Dalzell, G. Townsend ; colaborador E. Matzke ; versión española por José Batlle Gayan. a2a ed. aBarcelona, España :bEditorial Reverté,c1962. a192 p. :bil. ;c22 cm. 4aBloques de concretoxConstrucción 72lembaConstrucciones de hormigón1 aS. B., G.Townsend, eautor1 aMatzke, E.,ecolaborador1 aBatlle Gayan, José,etraductor